Fiesta en los Andes: ritos, música y danzas del Perú

Bewaard in:
Bibliografische gegevens
Hoofdauteur: Romero, Raúl R (Auteur)
Formaat: Boek
Taal:Spaans
Gepubliceerd in: Lima Fondo Editorial de la Pontificia Universidad Católica del Perú 2008
Onderwerpen:
Tags: Voeg label toe
Geen labels, Wees de eerste die dit record labelt!

MARC

LEADER 00000nam a2200000 a 4500
001 UCG3191
003 CL-VaPUC
008 100812e20080000PE |||||||||||||||||spa|d
020 |a 9789972428715 
082 0 4 |a 291.38  |b ROM  |2 21 
100 0 |a Romero, Raúl R  |e author  |9 552133 
245 1 0 |a Fiesta en los Andes: ritos, música y danzas del Perú 
300 |a 199 p 
942 |c BK 
945 |d 20100812 00:00:00  |a mfarfan 
260 |a Lima  |b Fondo Editorial de la Pontificia Universidad Católica del Perú  |c 2008 
650 0 |a Carnaval  |9 408678 
650 7 |a RITOS  |2 CL-VaPUC  |9 337654 
650 0 |a Fiestas religiosas  |9 349319 
583 |a last modification  |c 20100812 00:00:00  |k Rodrigo Vera 
999 |c 342273  |d 342271 
952 |0 0  |1 0  |4 0  |6 291_380000000000000_ROM_2008  |7 0  |8 X  |9 438371  |a FDOMLP  |b FDOMLP  |d 2019-11-22  |i 4707958  |o 291.38 ROM 2008  |p 4707958  |r 2019-11-22  |w 2019-11-22  |y BK_X  |k BU2